A literatura inglesa : ensaio de interpretação e de história (Registo nº 201957)

Detalhes MARC
000 -Etiqueta do registo
Valores 00583nam 22001933 4500
010 ## - Número ISBN
ISBN 972-9013-00-4
021 ## - Número do Depósito Legal
Código do país Portugal
Número 32971/89
100 ## - Dados gerais de processamento
Dados gerais 20260424d u||y0pory50 ba
200 ## - Titulo e menção de responsabilidade
Título próprio A literatura inglesa : ensaio de interpretação e de história
Primeira menção de responsabilidade Jorge de Sena
210 ## - Publicação
Local de publicação Lisboa
Nome do editor Cotovia
Data de publicação imp. 1989
215 ## - Descrição física 
Paginação / Volumes 454, [4] p.
Outras indicações físicas encadernado
Dimensões 24 cm
606 ## - Nome comum usado como assunto
ID Autoridade 3661
Palavra de ordem Crítica Literária.Estudos Literários
675 ## - CDU
Notação 82.09
Edição PT
Língua por
700 ## - Autor principal (pessoa individual)
ID Autoridade 2262
Apelido Sena
Nome Jorge de
Datas 1919-1978
801 ## - Fonte de origem
País PT
Agência BMMN
Regras de catalogação RPC
830 ## - Notas gerais do catalogador
Criado por Vanda
990 ## - Elementos KOHA
Tipo de documento Livro
Exemplares
Situação do levantamento Biblioteca de origem Código de barras Cota Permissão de empréstimo Tipo de documento Forma de aquisição
  Biblioteca Municipal de Montemor-o-Novo 31356 82.09 SEN|DEP   Livro Compra

Powered by Koha